LEADER 01158nam0 22002891i 450 001 UON00406534 005 20231205104721.121 100 $a20120309d1984 |0itac50 ba 101 $apor 102 $aPT 105 $a|||| 1|||| 200 1 $aHistoira da lingua portuguesa$fPaul Teyssier$gtraduçao de Celso Cunha 205 $a2a ed 210 $aLisboa$cSa da costa$d1984 215 $a113 p.$cill.$d21 cm. 410 1$1001UON00406537$12001 $aNova Universidade. Linguistica$1210 $aLisboa$cSa da costa 606 $aLINGUA PORTOGHESE$xStoria$3UONC039968$2FI 620 $aPT$dLisboa$3UONL003135 676 $a469.700 9$cLingua portoghese. Storia, geografia, persone$v21 700 1$aTEYSSIER$bPaul$3UONV111406$0192320 712 $aLivraria Sá da Costa$3UONV265715$4650 801 $aIT$bSOL$c20240220$gRICA 899 $aSIBA - SISTEMA BIBLIOTECARIO DI ATENEO$2UONSI 912 $aUON00406534 950 $aSIBA - SISTEMA BIBLIOTECARIO DI ATENEO$dSI Port Ling II 0529 $eSI LO 28482 5 0529 $sRovinato 996 $aHistoira da lingua portuguesa$91346598 997 $aUNIOR LEADER 02266nam 2200493z- 450 001 9910557582303321 005 20211118 035 $a(CKB)5400000000043825 035 $a(oapen)https://directory.doabooks.org/handle/20.500.12854/72959 035 $a(oapen)doab72959 035 $a(EXLCZ)995400000000043825 100 $a20202111d2019 |y 0 101 0 $aeng 135 $aurmn|---annan 181 $ctxt$2rdacontent 182 $cc$2rdamedia 183 $acr$2rdacarrier 200 00$aIntraoperative Radiotherapy (IORT) - A New Frontier for Personalized Medicine as Adjuvant Treatment and Treatment of Locally Recurrent Advanced Malignancy 210 $cFrontiers Media SA$d2019 215 $a1 online resource (76 p.) 311 08$a2-88945-794-X 330 $aThis eBook is a collection of articles from a Frontiers Research Topic. Frontiers Research Topics are very popular trademarks of the Frontiers Journals Series: they are collections of at least ten articles, all centered on a particular subject. With their unique mix of varied contributions from Original Research to Review Articles, Frontiers Research Topics unify the most influential researchers, the latest key findings and historical advances in a hot research area! Find out more on how to host your own Frontiers Research Topic or contribute to one as an author by contacting the Frontiers Editorial Office: frontiersin.org/about/contact 517 $aIntraoperative Radiotherapy 606 $aMedicine and Nursing$2bicssc 606 $aOncology$2bicssc 610 $abrain metastasis 610 $abreast cancer 610 $adosimetry 610 $ahead and neck cancer 610 $aIntrabeam 610 $aIORT 610 $apancreas cancer 610 $aphysics 610 $aradiobiology 615 7$aMedicine and Nursing 615 7$aOncology 700 $aSmall$b William$4edt$01141329 702 $aThomas$b Tarita O$4edt 702 $aSmall$b William$4oth 702 $aThomas$b Tarita O$4oth 906 $aBOOK 912 $a9910557582303321 996 $aIntraoperative Radiotherapy (IORT) ? A New Frontier for Personalized Medicine as Adjuvant Treatment and Treatment of Locally Recurrent Advanced Malignancy$93035075 997 $aUNINA